Novela y sociedad
Enregistré dans:
| Auteur principal: | |
|---|---|
| Format: | Livre |
| Langue: | espagnol |
| Publié: |
Buenos Aires
Amorrortu
1973
|
| Collection: | Biblioteca de Sociología
|
| Sujets: | |
| Tags: |
Ajouter un tag
Pas de tags, Soyez le premier à ajouter un tag!
|
MARC
| LEADER | 00000nam a2200000 a 4500 | ||
|---|---|---|---|
| 001 | UCX5362 | ||
| 003 | CL-VaPUC | ||
| 008 | 921027e19730000AG |||||||||||||||||spa|d | ||
| 082 | 0 | 4 | |a 809.3 |b ZER |2 21 |
| 100 | 0 | |a Zéraffa, Michel |e author |9 321626 | |
| 245 | 1 | 0 | |a Novela y sociedad |
| 300 | |a 166 p | ||
| 942 | |c BK | ||
| 945 | |d 19921027 00:00:00 | ||
| 260 | |a Buenos Aires |b Amorrortu |c 1973 | ||
| 650 | 7 | |a NOVELA HISTORIA Y CRITICA |2 CL-VaPUC |9 316722 | |
| 650 | 7 | |a SOCIOLOGIA DE LA NOVELA |2 CL-VaPUC |9 321627 | |
| 583 | |a last modification |c 19921027 00:00:00 |k Rodrigo Vera | ||
| 490 | 0 | |a Biblioteca de Sociología | |
| 999 | |c 225627 |d 225625 | ||